|
|
|
|
| LEADER |
00939nam a2200205 a 4500 |
| 001 |
GR-MES322 |
| 008 |
991111s1983 gr 000 b gre d |
| 040 |
|
|
|a GrPaTEI
|b gre
|c GR-PaULI
|
| 245 |
0 |
0 |
|a 750 ερωτήσεις-απαντήσεις βιολογίας ανθρωπολογίας για μαθητές υποψηφίους βιολογίας ιατρικής.
|
| 260 |
|
|
|a Αθήνα :
|b Πατάκη,
|c 1983
|
| 300 |
|
|
|a 256σελ.
|
| 504 |
|
|
|a Βιβλιογραφία: σελ.255
|
| 650 |
|
4 |
|a Ανθρωπολογία
|
| 650 |
|
4 |
|a Βιολογία-Φυσιολογία
|
| 700 |
1 |
|
|a Πολυζώη, Θεοδώρου Σ.
|
| 710 |
0 |
|
|a Πατάκη
|
| 942 |
|
|
|2 ddc
|
| 952 |
|
|
|0 0
|1 0
|2 ddc
|4 0
|6 574_100000000000000_ΠΟΛ
|7 0
|9 263542
|a MSLG
|b MSLG
|c BSC
|d 2021-01-17
|e 24
|f 0
|g 0.00
|l 0
|o 574.1 ΠΟΛ
|p 2420000000673
|r 2021-01-17 00:00:00
|t 1
|w 2021-01-17
|y BK15
|x 19991111 0 1
|x GrPaTEI
|
| 971 |
|
|
|a .b25713632
|b 15-04-20
|c 13-09-16
|
| 999 |
|
|
|c 151719
|d 151719
|